Careers in the U.S. Department of Labor. (Record no. 36942)
[ view plain ]
| 000 -LEADER | |
|---|---|
| fixed length control field | 00668cam a22002051 4500 |
| 001 - CONTROL NUMBER | |
| control field | l 57000044 |
| 003 - CONTROL NUMBER IDENTIFIER | |
| control field | DLC |
| 005 - DATE AND TIME OF LATEST TRANSACTION | |
| control field | 20260227111545.0 |
| 008 - FIXED-LENGTH DATA ELEMENTS--GENERAL INFORMATION | |
| fixed length control field | 850722s1957 dcua f000 0 eng c |
| 010 ## - LIBRARY OF CONGRESS CONTROL NUMBER | |
| LC control number | l 57000044 |
| 035 ## - SYSTEM CONTROL NUMBER | |
| System control number | (OCoLC)12292178 |
| 040 ## - CATALOGING SOURCE | |
| Original cataloging agency | U.S. Dept. of Labor |
| Transcribing agency | CLU |
| Modifying agency | DLC |
| 042 ## - AUTHENTICATION CODE | |
| Authentication code | premarc |
| 050 00 - LIBRARY OF CONGRESS CALL NUMBER | |
| Classification number | HD4835.U4 |
| Item number | A5 1957 |
| 110 1# - MAIN ENTRY--CORPORATE NAME | |
| Corporate name or jurisdiction name as entry element | United States. |
| Subordinate unit | Department of Labor. |
| -- | Office of Personnel Administration. |
| 245 10 - TITLE STATEMENT | |
| Title | Careers in the U.S. Department of Labor. |
| 260 ## - PUBLICATION, DISTRIBUTION, ETC. | |
| Place of publication, distribution, etc. | [Washington, |
| Name of publisher, distributor, etc. | U.S. Govt. Print. Off., |
| Date of publication, distribution, etc. | 1957] |
| 300 ## - PHYSICAL DESCRIPTION | |
| Extent | 18 p. |
| Other physical details | illus. |
| Dimensions | 23 cm. |
| 610 10 - SUBJECT ADDED ENTRY--CORPORATE NAME | |
| Corporate name or jurisdiction name as entry element | United States. |
| Subordinate unit | Department of Labor |
| General subdivision | Officials and employees. |
No items available.